Federalism and Fiscal Transfers In India/ (Record no. 195902)

MARC details
000 -LEADER
fixed length control field 00581nam a2200181 4500
005 - DATE AND TIME OF LATEST TRANSACTION
control field 20230508171110.0
010 ## - LCCN (DPL NO)
LC control number ENG-136781
020 ## - INTERNATIONAL STANDARD BOOK NUMBER
International Standard Book Number 9780198070986
Terms of availability 695.00
035 ## - SYSTEM CONTROL NUMBER
System control number EN-120313
037 ## - SOURCE OF ACQUISITION
Source of stock number/acquisition DBAD/PUB
082 ## - DEWEY DECIMAL CLASSIFICATION NUMBER
Classification number 321.020954
100 ## - MAIN ENTRY--PERSONAL NAME
Personal name C. Rangarajan
245 ## - TITLE STATEMENT
Title Federalism and Fiscal Transfers In India/
Statement of responsibility, etc By C. Rangarajan and D.K.Srivastava
260 ## - PUBLICATION, DISTRIBUTION, ETC. (IMPRINT)
Place of publication, distribution, etc New Delhi
Name of publisher, distributor, etc Oxford University Press
Date of publication, distribution, etc 2011
270 ## - ADDRESS
Address YMCA Library Building, Jai Singh Road,
City New Delhi
Postal code 110001
300 ## - PHYSICAL DESCRIPTION
Extent 257p
Dimensions 22cm(hbk)
942 ## - ADDED ENTRY ELEMENTS (KOHA)
Source of classification or shelving scheme Dewey Decimal Classification
Item type English Books
Call number suffix CRA
Classification part 321.020954
Holdings
Withdrawn status Lost status Not for loan Collection code Home library Current library Date acquired Source of acquisition Cost, normal purchase price Full call number Barcode Copy number Cost, replacement price Koha item type
      Non-fiction Shahdara Branch Shahdara Branch 08/05/2023 DBAB/PUB 695.00 321.020954 CRA EN-120313 1 695.00 English Books

© Delhi Public Library
Hit Counter
free hit counter